|
|
|
|
| LEADER |
00721nam a2200205Ia 4500 |
| 001 |
CTU_53807 |
| 008 |
210402s9999 xx 000 0 und d |
| 020 |
|
|
|b 85000
|
| 082 |
|
|
|a 330.03
|
| 082 |
|
|
|b S581
|
| 100 |
|
|
|a Silem, A.
|
| 245 |
|
0 |
|a Bách khoa toàn thư về kinh tế học và khoa học quản lý
|
| 245 |
|
0 |
|b = Encyclopédie de l'économie et de la gestion
|
| 245 |
|
0 |
|c A. Silem ; Nguyễn Thị Minh Tú, Đỗ Đức Nhuận và Phạm Thu Thủy biên dịch
|
| 260 |
|
|
|a Hà Nội
|
| 260 |
|
|
|b Lao động - Xã hội
|
| 260 |
|
|
|c 2002
|
| 650 |
|
|
|a Economy,Management science
|
| 904 |
|
|
|i Huỳnh Mai
|
| 980 |
|
|
|a Trung tâm Học liệu Trường Đại học Cần Thơ
|